000 00349nam a2200133Ia 4500
005 20260328104258.0
008 260328s9999||||xx |||||||||||||| ||und||
100 _aGrout, Pam
245 4 _aThe 100 best volunteer vacations to enrich your Life. /
_cPam Grout
260 _bNational Geographic
300 _a287 p.
650 _aViajes
942 _cBK
999 _c10490
_d10490